'H' Food Pictures Quiz Stats

 Plays Quiz Updated Jul 1, 2015

Also try: 'L' Food Pictures
Challenge
Share
Tweet
Score 0/12 Timer 05:00
14 Plays Today
Column Food % Correct
Ham
99.4%
Hot Dog
98.2%
Hummus
88.1%
Hash brown
85%
Hazelnuts
74.9%
Hot Cross Bun
64.9%
Honeydew
63.6%
Hoagie
62.4%
Habanero
52.8%
Horseradish Root
45.6%
Haggis
42.6%
Huckleberries
37.2%

You're not logged in!

Compare scores with friends on all Sporcle quizzes.
Join for Free
OR
Log In

You Might Also Like...

Show Comments

Extras

Top Quizzes Today


Score Distribution

Your Account Isn't Verified!

In order to create a playlist on Sporcle, you need to verify the email address you used during registration. Go to your Sporcle Settings to finish the process.

Report this User

Report this user for behavior that violates our Community Guidelines.

Details: